Statistics for Most Guessed European Subdivisions A-Z

Click here to take the quiz!

General Stats

  • This quiz has been taken 48 times
  • The average score is 12 of 24

Answer Stats

LetterSubdivision%% Correct
NNordjylland93
83%
EEngland92
80%
SScotland91
80%
WWales91
80%
BBerlin83
73%
CCatalonia / Corsica76
73%
AAttica68
63%
MMoscow81
63%
LLisbon / Louth75
58%
VVienna73
58%
FFlanders66
55%
HHamburg72
53%
ZZagreb64
53%
DDublin73
48%
TTuscany66
45%
OOslo78
43%
KKiev74
40%
PPeloponnese, Western Greece
and the Ionian
73
33%
IIsle of Man56
28%
RReykjavík70
28%
JJersey44
23%
UUmbria36
23%
GGibraltar60
15%
YYaroslavl19
15%

Score Distribution

Percentile by Number Answered

Percent of People with Each Score

Your Score History

You have not taken this quiz